নজরুলের সাহিত্যচিন্তা / (Record no. 86460)
[ view plain ]
| 000 -LEADER | |
|---|---|
| fixed length control field | 00800nam a2200217 a 4500 |
| 001 - CONTROL NUMBER | |
| control field | 86460 |
| 003 - CONTROL NUMBER IDENTIFIER | |
| rucl marc code | BD-RjUL |
| 005 - DATE AND TIME OF LATEST TRANSACTION | |
| control field | 20260512103321.0 |
| 008 - FIXED-LENGTH DATA ELEMENTS--GENERAL INFORMATION | |
| fixed length control field | 260512s2025 bg ||||| |||| 00| 0 ben d |
| 035 ## - SYSTEM CONTROL NUMBER | |
| System control number | (BD-RjUL)86460 |
| 040 ## - CATALOGING SOURCE | |
| Original cataloging agency | BD-RjUL |
| Language of cataloging | eng |
| Transcribing agency | BD-RjUL |
| 041 ## - LANGUAGE CODE | |
| Language code of text/sound track or separate title | ben |
| 082 ## - DEWEY DECIMAL CLASSIFICATION NUMBER | |
| Edition number | 23 |
| Classification number | 891.4415 |
| Author mark and year | TUN 2025 |
| 100 ## - MAIN ENTRY--PERSONAL NAME | |
| Personal name | তুহিন, ফজলুল হক |
| 9 (RLIN) | 18436 |
| 245 ## - TITLE STATEMENT | |
| Title | নজরুলের সাহিত্যচিন্তা / |
| Statement of responsibility, etc. | ফজলুল হক তুহিন |
| 260 ## - PUBLICATION, DISTRIBUTION, ETC. (IMPRINT) | |
| Place of publication, distribution, etc. | রাজশাহী : |
| Name of publisher, distributor, etc. | পরিলেখ, |
| Date of publication, distribution, etc. | ২০২৫ |
| 300 ## - PHYSICAL DESCRIPTION | |
| Pagination | ১১২ পৃ. ; |
| Size | ২২ সেমি. |
| 600 ## - SUBJECT ADDED ENTRY--PERSONAL NAME | |
| Personal name | ইসলাম, কাজী নজরুল, |
| Dates associated with a name | ১৮৯৯-১৯৭৬ |
| Personal name | Islam, kazi Nazrul, |
| Dates associated with a name | 1899-1976 |
| 942 ## - ADDED ENTRY ELEMENTS (KOHA) | |
| Source of classification or shelving scheme | Dewey Decimal Classification |
| Koha item type | Books |
| Lost status | Source of classification or shelving scheme | Damaged status | Not for loan | Collection code | Permanent Location | Current Location | Shelving location | Date acquired | Source of acquisition | Cost, normal purchase price | Total Checkouts | Full call number | Date last seen | Copy number | Koha item type |
|---|---|---|---|---|---|---|---|---|---|---|---|---|---|---|---|
| Dewey Decimal Classification | Not For Loan | Non-fiction | Central Library, University of Rajshahi | Central Library, University of Rajshahi | Reading Room | 07/05/2026 | parilekh | 170.00 | B 891.4415 TUN 2025 | 12/05/2026 | C-1 | Books | |||
| Dewey Decimal Classification | Non-fiction | Central Library, University of Rajshahi | Central Library, University of Rajshahi | General Stacks | 07/05/2026 | parilekh | 170.00 | B 891.4415 TUN 2025 | 12/05/2026 | C-2 | Books | ||||
| Dewey Decimal Classification | Non-fiction | Central Library, University of Rajshahi | Central Library, University of Rajshahi | General Stacks | 07/05/2026 | Parilekh | 170.00 | B 891.4415 TUN 2025 | 12/05/2026 | C-3 | Books | ||||
| Dewey Decimal Classification | Non-fiction | Central Library, University of Rajshahi | Central Library, University of Rajshahi | General Stacks | 07/05/2026 | Parilekh | 170.00 | B 891.4415 TUN 2025 | 12/05/2026 | C-4 | Books | ||||
| Dewey Decimal Classification | Non-fiction | Central Library, University of Rajshahi | Central Library, University of Rajshahi | General Stacks | 07/05/2026 | Parilekh | 170.00 | B 891.4415 TUN 2025 | 12/05/2026 | C-5 | Books |